000
00247nam a22000977a 4500
999
_c
16206
_d
16206
003
OSt
008
200623b ||||| |||| 00| 0 eng d
100
_a
C.C Ouseph
_9
4620
245
_a
Text book of physics for the pre-degree course, Part-I
942
_c
BK